تخطي إلى المحتوى
Inicio
Centros participantes
Catálogo
Servicios
Contacto
تسجيل الدخول
English
Deutsch
Español
Français
Italiano
日本語
Nederlands
Português
Português (Brasil)
中文(简体)
中文(繁體)
Türkçe
עברית
Gaeilge
Cymraeg
Ελληνικά
Català
Euskara
Русский
Čeština
Suomi
Svenska
polski
Dansk
slovenščina
اللغة العربية
বাংলা
Galego
Tiếng Việt
Hrvatski
हिंदी
Հայերէն
Українська
Sámegiella
اللغة
كل الحقول
العنوان
المؤلف
الموضوع
رقم الاستدعاء
ردمك/تدمد
الوسم
ابحث
بحث متقدم
Unamuno: pensamiento político....
استشهد بهذا
أرسل هذا بالبريد الإلكتروني
طباعة
تصدير التسجيلة
تصدير إلى RefWorks
تصدير إلى EndNoteWeb
تصدير إلى EndNote
أضف إلى المفضلة
رابط دائم
إضافة أول تقييم
Unamuno: pensamiento político. Selección de textos y estudio preliminar
محفوظ في:
التفاصيل البيبلوغرافية
المؤلف الرئيسي:
Díaz, Elías
التنسيق:
نص
منشور في:
Madrid:
Tecnos
الوسوم:
إضافة وسم
لا توجد وسوم, كن أول من يضع وسما على هذه التسجيلة!
المقتنيات
الوصف
التعليقات
مواد مشابهة
عرض للأخصائي
MARC
LEADER
00000 a a2200000 04500
001
24311
003
040
090
|a
166400
100
|a
Díaz, Elías
245
|a
Unamuno: pensamiento político. Selección de textos y estudio preliminar
260
|a
Madrid:
|b
Tecnos
300
|a
891 p.
999
|c
14464
|d
14464
مواد مشابهة
Guerra civil en Costa Rica: los sucesos políticos de 1948
حسب: Bell, John Patrick
Cuba y Centro América
حسب: López Segrera, Francisco
Clase y nación en Hispanoamérica
حسب: Soler, Ricaurte
El Rapto de Panamá
حسب: Selser, Gregorio
Tendencias de la economía mundial /
حسب: Martner, Gonzalo Daniel